Statistics for Cold War Zombies Weapons

Click here to take the quiz!

General Stats

  • This quiz has been taken 2 times
  • The average score is 27 of 69

Answer Stats

Weapon ClassWeapon% Correct
MeleeKnife
100%
Tactical RifleM16
100%
Tactical RifleType 63
100%
Pistol1911
50%
Assault RifleAK-47
50%
Sub Machine GunAK-74u
50%
PistolAMP63
50%
Tactical RifleAUG
50%
SpecialBallistic Knife
50%
MeleeBaseball Bat
50%
MeleeBattle Axe
50%
MeleeCane
50%
Tactical RifleCARV.2
50%
LauncherCigma 2
50%
PistolDiamatti
50%
Tactical RifleDMR 14
50%
Assault RifleEM2
50%
Assault RifleFARA 83
50%
Assault RifleFFAR 1
50%
ShotgunGallo SA12
50%
Assault RifleGrav
50%
Assault RifleGroza
50%
MeleeHammer and Sickle
50%
ShotgunHauer 77
50%
Assault RifleKrig 6
50%
Sub Machine GunKSP 45
50%
Sub Machine GunLAPA
50%
Sniper RifleLW3-Tundra
50%
Sniper RifleM82
50%
Sub Machine GunMAC-10
50%
MeleeMace
50%
PistolMarshal
50%
Light Machine GunMG 82
50%
Sub Machine GunMilano 821
50%
Sub Machine GunMP5
50%
SpecialNail Gun
50%
Sniper RiflePelington 703
50%
SpecialR1 Shadowhunter
50%
Light Machine GunRPD
50%
LauncherRPG-7
50%
MeleeSai
50%
MeleeSledgehammer
50%
Light Machine GunStoner 63
50%
ShotgunStreetsweeper
50%
Sniper RifleSwiss K31
50%
Sub Machine GunTEC-9
50%
Sub Machine GunUGR
50%
Assault RifleVargo 52
50%
MeleeWakizashi
50%
Assault RifleXM4
50%
Sniper RifleZRG 20mm
50%
Shotgun.410 Ironhide
0%
Sub Machine GunBullfrog
0%
Assault RifleC58
0%
Wonder WeaponChrysalax
0%
Wonder WeaponCRBR-S
0%
Wonder WeaponD.I.E. Shockwave
0%
MeleeE-Tool
0%
Sub Machine GunLC10
0%
Light Machine GunM60
0%
SpecialM79
0%
MeleeMachete
0%
PistolMagnum
0%
Sub Machine GunOTs 9
0%
Sub Machine GunPPSh-41
0%
Assault RifleQBZ-83
0%
Wonder WeaponR.A.I. K-84
0%
Wonder WeaponRay Gun
0%
MeleeScythe
0%

Score Distribution

Percentile by Number Answered

Percent of People with Each Score

Your Score History

You have not taken this quiz